000 00722cam a2200217u 4500
001 000001370
005 20200929145545.0
008 841025s1960 gw abf 000 0 ger
010 _a70248203
040 _aDO-SdBNP
_cCarP
_dDLC
043 _as-pe---
050 0 0 _aF3429.3.F65
_bH615
100 1 _aHorkheimer, Hans. [from old catalog]
_94587
245 1 0 _aNahrung und Nahrungsgewinnung im vorspanischen Peru.
260 _aBerlin, :
_bColloquium Verlag,
_c1960.
300 _a155 p. :
_billus., plates, fold. map. ;
_c21 cm.
650 0 _aIndians of south america
_xFood
_zPeru.
_94588
830 0 _aBibliotheca Ibero-americana, Bd.
_v2. [from old catalog]
_94589
910 _aCatalogación por copia / LC
910 _aDC
999 _c1294
_d1294